000
00221nam a2200085Ia 4500
245
0
_a
None but the brave
100
_a
CHAMBERS, Joy London, 2003
_9
112498
942
_c
BK
008
210825s9999 xx 000 0 und d
999
_c
515997
_d
515996